000 00817nam a2200241Ia 4500
003 OSt
005 20220918224241.0
006 a|||||r|||| 00| 0
007 ta
008 220917b |||||||| |||| 00| 0 eng d
024 _a227,332
037 _cTextual
040 _aARTS
_cARTS
_beng
041 _2eng
_aeng
082 _a2:(T)p1,P01, P2 (2D)
100 _aWard Patricia Layzell Ed.
_945312
245 0 _aContinunig professional education for the information society
_b the fifth world conference on continuing professional eduction for the library and information science professions
260 _aMunchen
_bK.G. Saur
_c2002
300 _a263p.
_ccm.
650 _aLIBRARY SCIENCE
942 _h2:(T)p1,P01, P2 (2D)
_cTEXL
_2CC
999 _c280693
_d280693